Problems of psychoanalytic training, diagnosis, and the technique of therapy, 1966-1970 (Record no. 383)

MARC details
000 -LEADER
fixed length control field 00624nam a2200205 a 4500
005 - DATE AND TIME OF LATEST TRANSACTION
control field 20260322212017.0
008 - FIXED-LENGTH DATA ELEMENTS--GENERAL INFORMATION
fixed length control field data
010 ## - LIBRARY OF CONGRESS CONTROL NUMBER
LC control number 75-031201
020 ## - INTERNATIONAL STANDARD BOOK NUMBER
International Standard Book Number 0823668762
020 ## - INTERNATIONAL STANDARD BOOK NUMBER
International Standard Book Number 9780823668762
096 ## - LOCALLY ASSIGNED NLM-TYPE CALL NUMBER (OCLC)
Classification number WS 350 F889pc 1971
001 - CONTROL NUMBER
control field data
100 1# - MAIN ENTRY--PERSONAL NAME
Personal name Freud, Anna,
Dates associated with a name 1895-
245 10 - TITLE STATEMENT
Title Problems of psychoanalytic training, diagnosis, and the technique of therapy, 1966-1970
Statement of responsibility, etc. Anna Freud.
260 ## - PUBLICATION, DISTRIBUTION, ETC.
Place of publication, distribution, etc. New York
Name of publisher, distributor, etc. International Universities Press
Date of publication, distribution, etc. 1971
300 ## - PHYSICAL DESCRIPTION
Extent xi, 312 p. ;
Dimensions 23 cm.
490 0# - SERIES STATEMENT
Series statement The writings of Anna Freud ; vol. 7.
500 ## - GENERAL NOTE
General note Bibliography: p. 281-290.
650 02 - SUBJECT ADDED ENTRY--TOPICAL TERM
Topical term or geographic name entry element Psychoanalysis
General subdivision history
Holdings
Withdrawn status Lost status Damaged status Not for loan Home library Current library Shelving location Date acquired Total checkouts Full call number Barcode Date last seen Price effective from Koha item type
        Pleasant Valley Pleasant Valley General stacks 22/03/2026   GEN BC0010393 22/03/2026 22/03/2026 Books